Statystyki dla Stare flagi państw obecnych cz. 2

Kliknij tutaj aby rozwiązać quiz!

Ogólne statystyki

  • Ten quiz został rozwiązany 74 razy
  • Średni wynik to 12 z 24

Statystyki odpowiedzi

Odpowiedź% Poprawnych
Austria / Węgry
91%
Chiny
91%
Hiszpania
90%
Bhutan
86%
Szwecja / Norwegia
84%
Korea Północna / Korea Południowa
83%
Bangladesz
79%
Grecja
76%
Turcja
71%
Wenezuela
59%
Szwajcaria
57%
Tajlandia
55%
Ukraina
52%
Egipt
47%
Włochy
41%
Tadżykistan
40%
Wietnam
40%
Libia
14%
Namibia
14%
Cypr
10%
Macedonia Północna
3%
Chile
2%
Somalia
2%
Paragwaj
0%

Rozkład punktacji

Percentyl według liczby udzielonych odpowiedzi

Procent ludzi z każdym wynikiem

Twoja historia wyników

Nie rozwiązałeś tego quizu